00771nam a22001937a 4500999001900000005001700019010001500036020003000051035001400081037001300095082001100108100001900119245007300138260006100211270007700272300007000349942002500419952013300444 c177687d17768720210225143510.0 aENG-129063 c699.00a978-1-4722-6649-1 aEN-112595 bDBAD/PUB a909.83 aMckibben, Bill aFalter: has the human game begun to play itself out?/bBill Mckibben aGurugrambHachette Book Publishing India Pvt. Ltd.c2019 bGurugrama4th/5th Floors, Corporate Centre, Plot No- 94, Sec- 44e122003 a291p.c23cm(pbk)bIncluding bibliographical references and index. 2ddccENh909.83mMCK 001040708NFICaAVbAVd2021-02-25eDBAD/PUBg699.00l0o909.83 MCKpEN-112595r2021-02-25 00:00:00t1v699.00w2021-02-25yEN